000 00827nam a2200205 i 4500
001 63790
003 ES-MaACL
005 20250905063042.0
007 t|
008 031217s1958 sp ||||1| spa d
100 1 _aFigueras Pacheco, Francisco,
_d1880-1960
_950766
245 1 0 _aBibliografía arqueológica de la provincia de Alicante /
_cFrancisco Figueras Pacheco, Domingo Fletcher Valls.
260 _aAlicante :
_bComisión Provincial de Monumentos Históricos y Artísticos,
_c1958.
300 _a315 p. ;
_c21 cm.
651 4 _aAlicante (Provincia)-
_xRestos arqueológicos-
_vBibliografías.
_9166827
700 1 _aFletcher Valls, Domingo.
_951192
710 2 _aComisión Provincial de Monumentos Históricos y Artísticos (Alicante)
_93061
852 _aES-MaACL
_jC-15082
_bR.42909
999 _c63790
_d63790